| 000 | 00765nam a22002297a 4500 | ||
|---|---|---|---|
| 010 | _aA-109957 | ||
| 035 | _aA-109957 | ||
| 037 | _bCen Lib / Ret | ||
| 040 |
_aDPL _bEn |
||
| 082 |
_a020 _bAGA |
||
| 245 |
_aPerspectives in library and information science : _bViswanathan festschrift / _cedited by S. N. Agarwal, R. R. Khan [and] N.R. Satyanarayana |
||
| 260 |
_aLucknow _bPrint House India _c1982 |
||
| 270 |
_a5, Tej Bahadur Sapru Marg _bLucknow |
||
| 300 |
_av 1. 408p ; _c24cm(Hb) |
||
| 650 | _aLibrary science -- India. | ||
| 650 | _aInformation science -- India. | ||
| 650 | _aInformation services -- India. | ||
| 700 | _aAgarwal, S. N. | ||
| 700 | _aKhan, R. R. | ||
| 700 | _aSatyanarayana, N. R. | ||
| 942 |
_2ddc _cEN _h020 _mAGA |
||
| 999 |
_c136903 _d136903 |
||